000 00752nac a22002051u 4500
008 100906t xxu||||| |||| 00| 0 eng d
010 _a 19013826
035 _a(OCoLC)2133762
082 _a624
_bMOR
100 _aMorley, Arthur,
_918192
245 1 0 _aTheory of Structure /
_cBy Arthur Morley
250 _a5th ed.
260 _aLondon:
_bLongmans, Green and co.,
_c1948
300 _axi, 584 p.
_biv fold. pl., diagrs.
_c23 cm.
500 _aDonations.
500 _aDonations - Bibliotheca Alexandrina.
650 0 _aStructural analysis (Engineering)
_918193
942 _cBB
_k624MOR
_2ddc
999 _c3328
_d3328